| 000 | 01195nam a22002897a 4500 | ||
|---|---|---|---|
| 001 | BD-DhSAU 8665 | ||
| 003 | BD-DhSAU | ||
| 005 | 20181218111951.0 | ||
| 008 | 150613b2017 bg a|||| m||| 00| 0 eng d | ||
| 040 | _aBD-DhSAU | ||
| 082 |
_222 _a595.7 _bK5279 |
||
| 100 |
_aShorifa , Khatun , _4Registration No. #11-04354 |
||
| 245 |
_aExtent of damage caused by Pulse Beetle (Callosobruchus chinensis Linn.) in different Mungbean varities / _cShorifa , Khatun , _bMs Thesis |
||
| 260 |
_aSher-e-Bangla Agricultural University : _bDepartment of Entomology, _c2017. |
||
| 300 |
_avii ; 47p. : _bill. ; _c30 cm. |
||
| 500 | _aMS thesis of Department of Entomology, Faculty of Agriculture, Sher-e-Bangla Agricultural University, Dhaka, Bangladesh | ||
| 504 | _aIncludes bibliographical references. | ||
| 590 | _aShofi | ||
| 650 | _aEntomology | ||
| 650 | _aDamage | ||
| 650 | _a Pulse Beetle (Callosobruchus chinensis Linn.) | ||
| 650 | _a Mungbean varities | ||
| 700 |
_aRahman , S.M. Mizanur _eSuperviser |
||
| 700 |
_a Banu , Mst. Nur Mohal Akhter _eCo-superviser |
||
| 856 |
_uhttp://archive.saulibrary.edu.bd:8080/xmlui/handle/123456789/1655 _yOnline Access |
||
| 942 |
_2ddc _cTHESIS |
||
| 999 |
_c14363 _d14362 |
||